| Tag |
First Indicator |
Second Indicator |
Subfields |
| LEADER |
00000cgm a2200000Ia 4500 |
| 001 |
in00002477521 |
| 005 |
20151110112022.0 |
| 007 |
vd mvaizu |
| 008 |
071023s2007 enk261 vleng d |
| 028 |
4 |
2 |
|a K543
|b Kino
|
| 035 |
|
|
|a (OCoLC)ocn176056428
|
| 035 |
|
|
|a (OCoLC)176056428
|
| 040 |
|
|
|a OKT
|c OKT
|d RCS
|d UtOrBLW
|
| 043 |
|
|
|a e-uk---
|
| 049 |
|
|
|a TXAM
|
| 050 |
1 |
4 |
|a TF57
|b .O5 2007
|
| 082 |
0 |
4 |
|a 385.094
|2 22
|
| 090 |
|
|
|a TF57
|b .O53 2007
|
| 245 |
0 |
0 |
|a On and off the rails.
|
| 264 |
|
1 |
|a New York :
|b Kino,
|c 2007.
|
| 300 |
|
|
|a 2 videodiscs (261 min.) :
|b sound, color, black and white ;
|c 4 3/4 in.
|
| 336 |
|
|
|a two-dimensional moving image
|b tdi
|2 rdacontent
|
| 337 |
|
|
|a video
|b v
|2 rdamedia
|
| 338 |
|
|
|a videodisc
|b vd
|2 rdacarrier
|
| 490 |
1 |
|
|a The British Transport Films Collection
|
| 538 |
|
|
|a DVD.
|
| 508 |
|
|
|a Nick Nicholls (director, Blue Pullman); Tony Thompson (Elizabethan Express); John Shearman (Train time); Ronald Craigen (Rail 150); John Legard (On track for the eighties); Peter Sims (Cybernetica); R.K. Neilson Baxter (Under the river); Kenneth Fairbairn (Snowdrift at Bleath Gill and A day of one's own); John Krish, Jack Holmes (This year -- London); J.B. Holmes (This is York); R.K. Nelson (The great highway); Malcolm Freegard (John Betjeman goes by train).
|
| 500 |
|
|
|a A DVD release of the films produced between 1951 and 1980.
|
| 500 |
|
|
|a Includes: Blue Pullman (1960, 25 min.); Elizabethan Express (1954, 20 min.); Train time (1952, 28 min.); Rail 150 (1975, 14 min.); The diesel train driver (1959, 7 min.); On track for the eighties (1980, 15 min.); Cybernetica (1972, 20 min.); Under the river (1959, 27 min.); Snowdrift at Bleath Gill (1955, 10 min.); This year -- London (1951, 25 min.); This is York (1953, 20 min.); The great highway (1966, 20 min.); A Day of One's Own (1956, 20 min.); John Betjeman goes by train (1962, 10 min.).
|
| 500 |
|
|
|a Videorecording.
|
| 650 |
|
0 |
|a Railroads
|z Great Britain.
|
| 650 |
|
0 |
|a Transportation.
|
| 650 |
|
0 |
|a Tourism
|z Great Britain.
|
| 655 |
|
7 |
|a Documentary films.
|2 lcgft
|
| 655 |
|
7 |
|a Nonfiction films.
|2 lcgft
|
| 700 |
1 |
|
|a Nichols, Charles,
|d 1910-1992.
|
| 700 |
1 |
|
|a Clarke, Michael.
|
| 700 |
1 |
|
|a Neilson, R. K.
|
| 700 |
1 |
|
|a Ritchie, James.
|
| 710 |
2 |
|
|a Kino International Corporation.
|
| 830 |
|
0 |
|a British Transport Films collection.
|
| 994 |
|
|
|a C0
|b TXA
|
| 948 |
|
|
|a cataloged
|b h
|c 2009/8/13
|d c
|e blrosas
|f 9:07:19 am
|
| 999 |
|
|
|a MARS
|
| 999 |
f |
f |
|s 10a54fd9-ee0b-3d45-aaa0-f8aeb43a6c07
|i 2b91b457-3820-3899-b420-69b22381ed5b
|t 0
|
| 952 |
f |
f |
|p ric
|a Texas A&M University
|b Rellis Campus
|c Joint Library Facility
|d Remote Storage
|t 0
|e TF57 .O53 2007
|h Library of Congress classification
|i video -- videodisc
|m A14838872200
|
| 998 |
f |
f |
|a TF57 .O53 2007
|t 0
|l Remote Storage
|